| 000 | 00795nam a2200241 i 4500 | ||
|---|---|---|---|
| 001 | 67472 | ||
| 003 | ES-MaACL | ||
| 005 | 20240224063105.0 | ||
| 007 | t| | ||
| 008 | 040528s2001 sp ||||1|dspa d | ||
| 080 | _a32 Alcalá Zamora, Niceto | ||
| 080 | _a94(460)"1931/39" | ||
| 080 | _a329.23(460)"19" | ||
| 100 | 1 |
_aArrillaga Aldama, Luis, _d1950- _923318 |
|
| 245 | 1 | 0 |
_aNiceto Alcalá-Zamora y Torres _b: paternidad y orfandad de la República / _cLuis Arrillaga Aldama. |
| 260 |
_a[S.l. : _bs.n.], _c2001. |
||
| 300 |
_a337 p. ; _c30 cm. |
||
| 600 | 1 | 4 |
_aAlcalá Zamora, Niceto, _d1877-1949 _919473 |
| 650 | 4 |
_aRepublicanismo- _zEspaña. _916856 |
|
| 651 | 4 |
_aEspaña- _xHistoria- _y1931-1939, II República. _98283 |
|
| 852 |
_aES-MaACL _jL-27663 |
||
| 999 |
_c67472 _d67472 |
||